LIBRARY & INFORMATION CENTRE, KCAET, TAVANUR

ONLINE PUBLIC ACCESS CATALOGUE (OPAC)

Plane spherical trigonometry / (Record no. 5427)

MARC details
000 -LEADER
fixed length control field 00403cam a2200157ua 4500
041 ## - LANGUAGE CODE
Language code of text/sound track or separate title eng
082 ## - DEWEY DECIMAL CLASSIFICATION NUMBER
Classification number 516.24
Item number NIE/PL
100 ## - MAIN ENTRY--AUTHOR NAME
Personal name Nielson, Kay L .
245 ## - TITLE STATEMENT
Title Plane spherical trigonometry /
260 ## - PUBLICATION, DISTRIBUTION, ETC. (IMPRINT)
Place of publication New York :
Name of publisher Barnes & Noble ,
Year of publication 1960.
300 ## - PHYSICAL DESCRIPTION
Number of Pages 125 ; .
700 1# - ADDED ENTRY--PERSONAL NAME
Personal name Vanlonkhugxen, John H.
942 ## - ADDED ENTRY ELEMENTS (KOHA)
Koha item type Books
Holdings
Withdrawn status Lost status Damaged status Home library Current library Date acquired Full call number Accession Number Koha item type
      KAUAET KAUAET 07/04/2012 516.24 3131 Books
free website counter